[Event "Moscow op-A 17th"]
[Site "Moscow"]
[Date "2021.02.20"]
[Round "1"]
[White "Artemov, Maxim"]
[Black "Khmelev, Mikhail"]
[Result "1/2-1/2"]
[WhiteElo "1510"]
[BlackElo "2077"]
[PlyCount "63"]
[EventDate "2021.02.20"]
[EventType "swiss"]
[EventRounds "9"]
[EventCountry "RUS"]
[SourceTitle "CBM 200 Extra"]
[Source "ChessBase"]
[SourceDate "2021.03.31"]
[SourceVersion "1"]
[SourceVersionDate "2021.03.31"]
[SourceQuality "1"]

1. d4 Nf6 2. Nf3 e6 3. g3 d5 4. c4 c5 5. cxd5 exd5 6. Bg2 Nc6 7. Nc3 Be7 8. 0-0 0-0 9. dxc5 Bxc5 10. a3 a5 11. Bg5 d4 12. Ne4 Be7 13. Nxf6+ Bxf6 14. Bxf6 Qxf6 15. Ne1 Rd8 16. Nd3 Bf5 17. Rc1 Rac8 18. Qb3 Ne5 19. Rxc8 Rxc8 20. Qxb7 Nxd3 21. exd3 Re8 22. Bc6 Rd8 23. Be4 Bxe4 24. Qxe4 Qb6 25. Re1 h6 26. Re2 Qb3 27. Kg2 a4 28. Qf3 Kf8 29. Qe4 Kg8 30. Qf3 Kf8 31. Qe4 Kg8 32. Qf3 1/2-1/2

[Event "Moscow Time of the First U13"]
[Site "Moscow"]
[Date "2019.06.20"]
[Round "5"]
[White "Artemov, Maxim"]
[Black "Perepelyatnikov, Vladislav"]
[Result "1/2-1/2"]
[WhiteElo "1478"]
[BlackElo "1350"]
[PlyCount "40"]
[EventDate "2019.06.17"]
[EventType "swiss"]
[EventRounds "9"]
[EventCountry "RUS"]
[SourceTitle "EXT 2021"]
[Source "ChessBase"]
[SourceDate "2020.10.23"]
[SourceVersion "1"]
[SourceVersionDate "2020.10.23"]
[SourceQuality "1"]

1. d4 Nf6 2. Nf3 e6 3. e3 b6 4. Bd3 Bb7 5. 0-0 Be7 6. c4 d6 7. Nc3 Nbd7 8. b4 e5 9. d5 a5 10. b5 0-0 11. Nd2 Nc5 12. Bc2 Nfd7 13. e4 Bf6 14. Nb3 Qe7 15. a4 Nxb3 16. Bxb3 Rfe8 17. Bc2 Nf8 18. Re1 Nd7 19. Bd3 Nc5 20. Bc2 Nd7 1/2-1/2